000 004850000a22001810004500
003 MACL
005 20150709143259.0
008 150709b xxu||||| |||| 00| 0 eng d
040 _aMACL
_cMACL
041 _aEnglish
082 _a320/FUK
100 _aFukunaga, Masaaki
_91539
245 _aSociety, Caste And Factional Politics
_bConflict And Continuity In Rural India
260 _bManohar
_c1993
_aDelhi
350 _a250
650 _aPolitical Science
_988
942 _cBK
_k320
_2ddc
999 _c3494
_d3494